00692nam a2200229 a 45000010005000000030008000050050017000130080041000300350019000710400035000900410008001250820022001331000019001552450080001742500012002542600058002663000035003245040019003596500024003786500041004027000019004439460BD-RjUL20211208234800.0170614s1957 nyu||||| |||| 001 0 eng d a(BD-RjUL )9505 aBD-RjULbengcBD-RjULdBD-RjUL aeng04a541bLOC 19572231 aLowry,T.Martin10aA Class Book of Physical Chemistry /cby T. Martin Lowry and Samuel Sugden. a2nd.ed. aLondon :bMacmillan & C0, Ltd, c1949 [reprint 1957]. 2avi, 454 p. :b ill. ; c19 cm. aincludes index aChemistryxPhysical aChemistry- Physical and theoretical. aSugden, samuel